| 000 | 00566nam a22001697a 4500 | ||
|---|---|---|---|
| 999 |
_c9872 _d9872 |
||
| 003 | GBCCL | ||
| 005 | 20241126110720.0 | ||
| 008 | 230809b ||||| |||| 00| 0 eng d | ||
| 020 | _a9789385756993 | ||
| 040 | _cGBC | ||
| 082 |
_a300.954 _bIMP |
||
| 245 |
_aThe impact of COVID-19 on Indian society : _bchallenges and opportunity / _ceditors, Rimjim Borah, Bidyananda Borkakoty, Pranjal Protim Borah |
||
| 260 |
_aMeerut : _bBalaji publications, _c2020 |
||
| 300 | _a279pages. ; | ||
| 650 |
_aCOVID-19 Pandemic, 2020 _vSocial aspects _zIndia _917176 |
||
| 942 |
_2ddc _cBK |
||